Najbardziej dochodowi aktorzy wszechczasów - Statystyki

Ogólne statystyki
  • Ten quiz został rozwiązany 101 razy
    23 od ostatniego zresetowania
  • Średni wynik to 16 z 50
Statystyki odpowiedzi
Film który najwięcej $ Łączna liczba $ Aktor % Poprawnych
Avengers: Koniec gry 14,315$ Robert Downey Jr
82%
Titanic 7,577$ Leonardo DiCaprio
77%
Harry Potter i insygnia śmierci: Część 2 9,290$ Emma Watson
73%
Piraci z Karaibów: Skrzynia umarlaka 10,362$ Johnny Depp
73%
Top Gun: Maverick 12,669$ Tom Cruise
68%
Avengers: Koniec gry 14,128$ Chris Pratt
59%
Harry Potter i insygnia śmierci: Część 2 8,426$ Daniel Radcliffe
59%
Avengers: Koniec gry 15,401$ Scarlett Johansson
55%
Avengers: Koniec gry 9,959$ Tom Holland
55%
Avengers: Koniec gry 11,489$ Chris Evans
50%
Avengers: Koniec gry 12,043$ Vin Diesel
50%
Deadpool 2 7,554$ Brad Pitt
45%
Szybcy i wściekli 7 11,446$ Dwayne Johnson
45%
Deadpool i Wolverine 6,600$ Ryan Reynolds
45%
Avengers: Koniec gry 12,189$ Chris Hemsworth
41%
Deadpool i Wolverine 7,747$ Hugh Jackman
41%
Avengers: Koniec gry 9,890$ Mark Ruffalo
41%
Toy Story 4 10,939$ Tom Hanks
41%
Aladyn 9,020$ Will Smith
41%
Avatar 15,472$ Zoe Saldana
41%
Szósty zmysł 6,815$ Bruce Willis
36%
Gwiezdne wojny: Przebudzenie Mocy 8,588$ Harrison Ford
36%
Avengers: Koniec gry 14,613$ Samuel L. Jackson
36%
Shrek 2 6,772$ Eddie Murphy
32%
Avengers: Koniec gry 8,643$ Josh Brolin
27%
Harry Potter i insygnia śmierci: Część 2 7,715$ Rupert Grint
27%
Avengers: Koniec gry 8,375$ Elizabeth Olsen
23%
Super Mario Bros 8,010$ Jack Black
23%
Avengers: Koniec gry 8,783$ Jeremy Renner
23%
Avengers: Koniec gry 6,964$ Tom Hiddleston
23%
Avengers: Koniec gry 8,343$ Benedict Cumberbatch
18%
Avengers: Koniec gry 8,840$ Dave Bautista
18%
Avengers: Koniec gry 8,444$ Karen Gillan
18%
Mroczny Rycerz Powstaje 6,801$ Liam Neeson
18%
Oppenheimer 7,318$ Matt Damon
18%
Avatar 7,770$ Sam Worthington
18%
Avengers: Koniec gry 7,455$ Sebastian Stan
18%
Avengers: Koniec gry 6,696$ Benedict Wong
14%
Avengers: Koniec gry 11,394$ Bradley Cooper
14%
Avengers: Koniec gry 7,574$ Chadwick Boseman
14%
Avengers: Koniec gry 9,001$ Don Cheadle
14%
Avengers: Koniec gry 7,494$ Letitia Wright
14%
Madagaskar 3 6,377$ Ben Stiller
9%
Avengers: Koniec gry 6,959$ Danai Gurira
9%
Piękna i Bestia 6,290$ Ian McKellen
9%
Avengers: Wojna bez granic 7,763$ Idris Elba
9%
Szybcy i wściekli 7 6,378$ Jason Statham
9%
Avengers: Wojna bez granic 6,805$ Paul Bettany
9%
Avengers: Koniec gry 6,483$ Pom Klementieff
9%
Minionki 8,332$ Steve Carell
9%
Nie znaleziono quizów pasujących do podanych kryteriów
Rozkład punktacji
Procent ludzi z każdym wynikiem
Percentyl według liczby udzielonych odpowiedzi
Twoja historia wyników
Nie rozwiązałeś tego quizu od ostatniego zresetowania